| 000 | 00620nam a2200169 a 4500 | ||
|---|---|---|---|
| 008 | 120416s1969 ||||||||||||||||| || u | ||
| 020 | _a0226078183 | ||
| 050 | _aHB 199 Buc | ||
| 100 | _aBuchanan, James M | ||
| 245 | 1 | 0 | _aCost and choice: an inquiry in economic theory |
| 260 |
_aLondon: _bThe University of Chicago Press _c1969 |
||
| 300 | _axv, 104p. : ill. | ||
| 350 | _a0.00 | ||
| 650 | 0 | _aECONOMICS | |
| 650 | _aECONOMIC THEORY | ||
| 995 |
_D0.00 _FCBU-MAIN LIBRARY (Kitwe) _H1 _I4.95 _M1 _UWEEDED _VJul 25, 2017 _WOct 12, 2006 _ZMain Library Open Access Collection |
||
| 999 |
_c38978 _d38978 |
||